000 00526nam a22001577a 4500
003 OSt
005 20250904145740.0
008 240122b ||||| |||| 00| 0 eng d
040 _c0
082 _aDPer 621.317 Ie21 November 2022 v. 37 n. 11
245 _aIEEE Transactions on Power Electronics /
260 _aNew York ;
_bThe Institute of Electrical and Electronics Engineers, Inc. ,
_cNovember 2022.
300 _aVolume 37, various paging :
_billustrations ;
_c28 cm.
650 _aElectronics.
_950751
942 _2ddc
_cPER
999 _c18709
_d18709